Interpersonal process in psychotherapy : (Record no. 5691)

MARC details
000 -LEADER
fixed length control field 01172cam a22001938a 4500
020 ## - INTERNATIONAL STANDARD BOOK NUMBER
ISBN 0534362958 (acidfree paper)
022 ## - INTERNATIONAL STANDARD SERIAL NUMBER
ISSN 9780534362959
050 00 - CALL NUMBER
Classification number RC480.8
Item number .T38
100 1# - AUTHOR
Personal name Teyber, Edward.
245 10 - TITLE
Title Interpersonal process in psychotherapy :
Remainder of title a relational approach /
Statement of responsibility, etc Edward Teyber.
250 ## - EDITION
Edition statement 4th ed.
260 ## - PUBLICATION INFORMATION
Place of publication Belmont, Calif. :
Name of publisher Brooks/Cole,
Year of publication 1999.
300 ## - DESCRIPTION
Number of Pages p. cm.
500 ## - NOTES
General note Includes bibliographical references and index
505 ## - FORMATTED CONTENTS NOTE
Table of Content pt. 1. An interpersonal process approach. <br/>1. Introduction and overview --<br/>pt. 2. Responding to clients. <br/>2. Establishing a working alliance --<br/>3. Honoring the client's resistance --<br/>4. An internal focus for change --<br/>5. Responding to conflicted emotions --<br/>pt. 3. Conceptualizing client dynamics. <br/>6. Familial and developmental factors --<br/>7. Inflexible interpersonal coping strategies --<br/>8. Current interpersonal factors.<br/>pt. 4 Resolution and change <br/>9. An interpersonal solution --<br/>10. Working through and termination --<br/>Appendix A: Process notes --<br/>Appendix B: Case formulation guidelines.
650 #0 - SUBJECTS
Topical Term Psychotherapist and patient.
650 #0 - SUBJECTS
Topical Term Psychotherapy.
942 ## - ADDED ENTRY ELEMENTS (KOHA)
Koha item type Books
Holdings
Withdrawn status Lost status Collection code Home library Current library Shelving location Date acquired Full call number Accession Number Koha item type
    Reference Methodist University Library Main Methodist University Library Main General Stacks 09/09/2010 RC480.8 .T38 32018 Books
    Reference Methodist University Library Main Methodist University Library Main General Stacks 09/09/2010 RC480.8 .T38 32021 Books
      Methodist University Library Main Methodist University Library Main General Stacks 09/09/2010 RC480.8 .T38 32022 Books
Copyright © 2026  MUG Library